1664 1342 1809 1168 1325 1313 1724 1940 1062 1781 1048 1806 1826 1398 1031 1080 1311 1013 1229 1674 1229 1939 1953 1982 1626 1068 1429 1233 1887 1316 1558 1613 1820 1989 1809 1604 1649 1992 1421 1617 1736 1722 1560 1419 1585 1364 1132 1012 1603 1000 1664 1450 1146 1915 1415 1615 1217 1315 1292 1222 1470 1020 1563 1554 1035 1577 1158 1011 1469 1874 1458 1034 1826 1452 1084 1995 1261 1156 1048 1990 1264 1783 1594 1728 1722 1948 1090 1856 1332 1034 1983 1972 1044 1066 1838 1177 1622 1524 1756 BCNSPRNW ULIB Ver.6.0+V

เปลี่ยนเป็นภาษาไทย

Change to English
 แสดงรายละเอียดบรรณานุกรม
  กลับหน้าหลัก

Brief Record : Get Marc (ISO 2709) : E-mail record : QR code < ปิดหน้าต่าง
LEADER : 00000nam 2200000uu 4500
001    13399113251
003     ULIB
008    111004s2546||||th 000 0 tha d
020    9744840412
050  4 QL729.T35 ^bจ231ส 2546
100 0  พาร์, จอห์น
245 10 สัตว์เลี้ยงลูกด้วยนมในประเทศไทย /^cจอห์น พาร์ ; ธีรภัทรประยูรสิทธิ ผู้แปล
246 31 คู่มือธรรมชาติสัตว์เลี้ยงลูกด้วยนมในประเทศไทย
250    พิมพ์ครั้งที่ 1
260    กรุงเทพฯ :^bสารคดี,^c2546
300    216 หน้า :^bภาพประกอบสี ;^c21 ซม.
500    ชุดภาพชนิดของสัตว์ (ภาพสี) หน้า 34-111
500    ภาคผนวก รอยตีนสัตว์ หน้า 193-205
504    บรรณานุกรมและดัชนี (ดัชนีชื่อภาษาไทย ดัชนีชื่อสามัญดัชนีชื่อวิทยาศาสตร์ หน้า 206-214)
650  4 สัตว์เลี้ยงลูกด้วยนม^zไทย
650  4 สัตว์ป่า^zไทย
650  4  อนุสัญญาไซเตส
700 0  ธีรภัทร ประยูรสิทธิ,^eผู้แปล
945    ^p285^l0^i015953
995    ทศพร
999 ^a ทศพร
รายการนี้ยังไม่มีแท็ก
คุณยังไม่ได้ล็อกอิน คุณสามารถมีกิจกรรมร่วมกับเว็บไซต์ได้ แต่ต้องล็อกอินก่อน ::
  ล็อกอิน

รายการสื่อสารสนเทศ

ลำดับที่ ประเภท เลขเรียก/บาร์โค้ด สถานที่ สถานะ
- ไม่พบข้อมูล -

BibComment


ยังไม่เคยถูกคอมเมนท์

คอมเมนท์ทรัพยากรรายการนี้
  คอมเมนท์: สัตว์เลี้ยงลูกด้ว..


 Copyright 2026. Bcnsprnw @Library